000 01362cad a22002415a 4500
001 L137397
008 070404e20070329xxkao f f001 0 eng d
020 _a9780727735010
035 _a(Sirsi) u137397
041 0 _aeng
050 0 4 _a711.41 $2 18
110 1 _aUnited Kingdom
_bDepartment for Transport
_94866
245 0 0 _aManual for streets
_h[electronic resource]
260 _aLondon
_bThomas Telford
_c2007
520 _aPresents a manual to assist in the design, construction, adoption and maintenance of new residential streets, but one that might also be used in the re-design of existing residential streets. Aims for the creation of streets that build and strengthen communities, balance the needs of all users, form part of a well connected network, create safe and attractive places and cost-effective to construct and maintain. Considers street geometry, parking, traffic signs and markings and street furniture and lighting.
590 _aKA NTK
651 4 _aUnited Kingdom
_y
690 _aPROPERTY-RESIDENTIAL PROPERTY-RESIDENTIAL PROPERTY DEVELOPMENT
690 _aPROPERTY-INFRASTRUCTURE-ROAD INFRASTRUCTURE
710 1 _aUnited Kingdom
_bDepartment for Communities and Local Government
_94939
856 4 0 _uhttps://www.communities.gov.uk/index.asp?id=1509196
_zView the item free of charge at www.communities.gov.uk...
942 _n0
999 _c106766
_d106766